| 000 | 00668nac a22002051u 4500 | ||
|---|---|---|---|
| 010 | _a 92074900 | ||
| 020 | _a1880029154 : | ||
| 082 | 0 | 0 |
_a698 _bBAR |
| 090 |
_c8546 _d8546 |
||
| 100 | _aBarrett, James, | ||
| 245 | 1 | 0 |
_aWorking with tile / _cby Jim Barrett. |
| 260 |
_aUpper Saddle River, NJ : _bCreative Homeowner Press,1994. _cc1994. |
||
| 300 |
_a176 p. : _bcol. ill. ; _c28 cm. |
||
| 500 | _aIncludes index. | ||
| 500 | _aDistributer: Al-Ahram | ||
| 511 | _aCatalogued by: Sara | ||
| 650 | 0 |
_aTile laying _xAmateurs' manuals. |
|
| 650 | 0 |
_aTiles _xMaintenance and repair _xAmateurs' manuals. |
|
| 942 |
_cBB _k698BAR |
||
| 999 |
_c8546 _d8546 |
||